| 000 | 00359nam a2200133Ia 4500 | ||
|---|---|---|---|
| 008 | 240624s9999 xx 000 0 und d | ||
| 041 | _aeng | ||
| 082 | _a332.6 INS | ||
| 100 | _aINSANA RON | ||
| 245 | _aMESSAGE OF THE MARKETS HOW FINANCIAL MAR | ||
| 260 |
_c2000 _aNew York _bHarperCollins Publishers |
||
| 300 | _axvi, : 208 : p. : cm. ; 24 | ||
| 365 |
_c _b30 |
||
| 999 |
_c16478 _d16478 |
||